| 000 | 00660nam a2200169 4500 | ||
|---|---|---|---|
| 008 | 240701b |||||||| |||| 00| 0 eng d | ||
| 082 |
_a306.74 _bSEX |
||
| 110 | _aSex workers and allies South Asia-Sri Lanka chapter | ||
| 245 |
_aStatus of sex workers in Sri Lanka: _ba national report 2022-2023 |
||
| 260 |
_a[Colombo]: _b[Sex workers and allies South Asia-Sri Lanka chapter], _c2023 |
||
| 300 |
_av.,75 p. _bBibliography included |
||
| 650 | _aSEX WORKERS-Sri Lanka | ||
| 700 | _aDeshapriya, Paba | ||
| 700 | _aArasu, Ponni | ||
| 856 | _uhttps://srilankabrief.org/wp-content/uploads/2023/05/Status-of-sex-workers-in-sri-lanka-2022-2023-EN.pdf | ||
| 942 | _cRP | ||
| 999 |
_c4955 _d4955 |
||